000 00313nam a22001337a 4500
008 170222b xxu||||| |||| 00| 0 eng d
020 _a0721613527
041 _aeng
080 _a616.31
100 _a5
101 _aSHS
245 _aCLINICAL PERIODONTOLOGY FOR THE DENTAL HYGIENIST
_cCARRANZA
942 _2udc
_cBK
999 _c6040
_d6040